Texas Department of Transportation, state departmental map /

Bibliographic Details
Corporate Author: Texas. Transportation Planning and Programming Division
Format: Map
Language:English
Published: [Austin] : The Division, [1996]
Edition:Corr. to Jan. 1, 1996.
Subjects:

MARC

Tag First Indicator Second Indicator Subfields
LEADER 00000cem a2200000 a 4500
001 in00001403956
005 20151020054248.0
007 aj canzn
008 960904s1996 txu a 0 eng
010 |a  96684550  
034 1 |a a  |b 1250000  |d W1060000  |e W0940000  |f N0360000  |g N0260000 
035 |a (OCoLC)36045316 
035 |9 AHN0935AM 
040 |a DLC  |c DLC  |d TXA  |d UtOrBLW 
049 |a TXAC 
050 0 0 |a G4031.P2 1996  |b .T4 
052 |a 4031 
110 1 |a Texas.  |b Transportation Planning and Programming Division. 
245 1 0 |a Texas Department of Transportation, state departmental map /  |c Transportation Planning and Programming Division. 
250 |a Corr. to Jan. 1, 1996. 
255 |a Scale [ca. 1:1,250,000]  |c (W 106⁰--W 94⁰/N 36⁰--N 26⁰). 
264 1 |a [Austin] :  |b The Division,  |c [1996] 
300 |a 1 map :  |b color ;  |c 89 x 97 cm. 
336 |a cartographic image  |b cri  |2 rdacontent 
337 |a unmediated  |b n  |2 rdamedia 
338 |a sheet  |b nb  |2 rdacarrier 
500 |a "This map has been prepared for internal use within the Texas Department of Transportation. Accuracy is limited to the validity of available data as of dates shown." 
500 |a Includes list of commission members and 7 local route maps. 
500 |a Cartographic material. 
651 0 |a Texas  |x Maps. 
610 1 0 |a Texas.  |b Department of Transportation  |x Maps. 
999 |a MARS 
999 f f |s 88372ab7-9d55-32b7-b64a-e55af8a1ffe4  |i 2a1f9fae-1516-3a06-b425-0bd844524f2a  |t 0 
952 f f |p normal  |a Texas A&M University  |b College Station  |c Sterling C. Evans Library  |d Evans: Maps (2nd floor)  |t 0  |e G4031.P2 1996 .T4  |h Library of Congress classification  |i unmediated -- sheet  |m A14822126528 
998 f f |a G4031.P2 1996 .T4  |t 0  |l Evans: Maps (2nd floor)